000 00537nam a2200217Ia 4500
005 20250425161339.0
008 250425s9999 xx 000 0 und d
020 _a0135559219
041 _aeng
082 _a670.42
100 _aDOYLE, LAWRENCE E.
245 0 _aMANUFACTURING PROCESSES AND MATERIALS FOR ENGINEERS
250 _a3RD ED.
260 _aENGLEWOOD
260 _aEstados Unidos
_bPRENTICE HALL
_c1985
300 _a926
650 _aMETALES
650 _aMETALES-MANUFACTURAS
942 _c01
010 _a18276
999 _c207419
_d207419